00378nam a2200145Ia 4500008004100000041000800041082001500049100001700064245004100081250001600122260002100138300002600159365001600185700003100201230718s9999 xx 000 0 und d aeng a621.8bSIN aSinghal B.L. aTheory of Machines and Mechanisms-II a3rd revised c2008bTech - Max a740dRef 68 M (33587) cRs.b395.00 aSinghal B.L. & Sayyad F.B.